000 00327 a2200157 4500
001 153124
040 _cEscola São Tomás de Aquino
100 _aGULLAR, Ferreira
240 1 0 _aPoema sujo
_lpor
245 1 0 _aPoema sujo
300 _a74
362 0 _a2001
440 1 _aJosé Olympio
697 _aPoesia
942 _cBK
999 _c153124
_d153124